Historia de la remuneración (folleto) /

Guardado en:
Formato: Libro
Publicado: : , 1985
Materias:
Fc
Etiquetas: Agregar Etiqueta
Sin Etiquetas, Sea el primero en etiquetar este registro!
LEADER 00428nam a22001695a 4500
001 CEM.cems007791
005 20060214000000.0
008 130507s1985##################000#0#####d
003 CEMS
082 0 4 |a F340 
245 0 0 |a Historia de la remuneración (folleto) / 
260 |a  :  |b ,  |c 1985 
653 |a Derecho laboral 
653 |a Fc 
653 |a Salario 
653 |a Trabajo 
859 |a CEMS  |b BIB. CEMS - 11 de abril  |h F340  |i 4-3  |p 243.44  |t Ej.1